Memorias : I Congreso Internacional de Energías Renovables y Eficiencia Energética 2019 /

Detalles Bibliográficos
Autor Corporativo: Congreso Internacional de Energías Renovables y Eficiencia Energética Cuenca, Ecuador
Otros Autores: López Hidalgo, Andrés (Editor)
Formato: Electrónico Procedimiento de la Conferencia eBook
Lenguaje:español
Publicado: Cuenca, Ecuador : Universidad del Azuay, Casa Editora, [2020]
Materias:
Acceso en línea:Digitalia Hispánica

MARC

LEADER 00000nam a2200000 i 4500
001 DIGUAZUAY0098
003 NyNyDIG
007 cr |||||||||||
008 251216s2020 ec o 100 0 spa d
006 m o d
035 |a (OCoLC)1438849227 
040 |a DGITA  |b eng  |e rda  |e pn  |c DGITA 
020 |a 9789942822505  |q eBook 
020 |z 9789942822499 
050 1 4 |a TJ807.2 ebook 
111 2 |a Congreso Internacional de Energías Renovables y Eficiencia Energética  |n (1st :  |d 2019 :  |c Cuenca, Ecuador),  |j author. 
245 1 0 |a Memorias :  |b I Congreso Internacional de Energías Renovables y Eficiencia Energética 2019 /  |c compiladores, Andrés López Hidalgo [and 5 others]. 
264 1 |a Cuenca, Ecuador :  |b Universidad del Azuay, Casa Editora,  |c [2020] 
300 |a 1 online resource. 
336 |a text  |b txt  |2 rdacontent 
337 |a computer  |b c  |2 rdamedia 
338 |a online resource  |b cr  |2 rdacarrier 
347 |a text file  |2 rdaft 
347 |b PDF 
588 0 |a Online resource; title from PDF title page (Digitalia, viewed December 16, 2025) 
650 0 |a Renewable energy sources  |v Congresses. 
650 0 |a Energy consumption  |v Congresses. 
700 1 |a López Hidalgo, Andrés,  |e editor. 
791 2 |a Digitalia (Firm),  |e distributor. 
793 0 |g Digitalia eBook Collection:  |a Universidad del Azuay 
776 0 8 |i Print version:  |a Congreso Internacional de Energías Renovables y Eficiencia Energética (1st : 2019 : Cuenca, Ecuador).  |t Memorias.  |d Cuenca, Ecuador : Universidad del Azuay, Casa Editora, [2020]  |z 9789942822499 
856 4 0 |3 Digitalia Hispánica  |u https://www.digitaliapublishing.com/a/133482/ 
910 |a Premium collection: 2025